00808nam a2200253Ia 4500001000600000003000900006008004100015040001300056040001300069041001300082100001500095100002800110245006900138245003900207250001100246260001100257260001800268260004900286300005500335650004100390650003100431700004000462700005200502 5019IT-RoPAU130308s9999 xx 000 0 und d aIT-RoPAU cIT-RoPAU aITALIANO aWolf Mauro gCodice Aut. SPICS: 422 aProduttività in televisione (La): elementi per una definizione bEconomia e Politica dei Mass Media a1a ed. aMILANO bAngeli Franco c1979 [1° Ed.:1979 - Ed.Ling.Originale:1979] a"7 p. (prefazione: no ; testo: 7 [pagine: 63-69])" aPOLITICA DELLA COMUNICAZIONE SOCIALE eCodice materia Spics: 3803 aStucchi GaetanoBruzzone Mariagrazia gCodice Aut. SPICS: 949Codice Aut. SPICS: 8732